|
|
|
|
| LEADER |
00000nam0a2200000 4500 |
| 001 |
241623 |
| 005 |
20231101231829.0 |
| 010 |
|
|
|a 5020021164
|
| 020 |
|
|
|a RU
|b 90-43922
|
| 035 |
|
|
|a (RuTPU)RU\TPU\book\262899
|
| 090 |
|
|
|a 241623
|
| 100 |
|
|
|a 20130808d1990 k a0rusy5003 ca
|
| 101 |
0 |
|
|a rus
|
| 102 |
|
|
|a RU
|
| 105 |
|
|
|a a z 001zy
|
| 200 |
1 |
|
|a Модель эволюции геосфер
|f В. С. Голубев
|g Академия наук СССР (АН СССР), Институт литосферы (ИЛ) ; под ред. А. Л. Яншина
|
| 210 |
|
|
|a Москва
|c Наука
|d 1990
|
| 215 |
|
|
|a 94,[1] с.
|c ил.
|d 22 см
|
| 320 |
|
|
|a Библиогр.: с. 90-91 (51 назв.)
|
| 606 |
1 |
|
|a Земля
|x Строение в целом
|2 stltpush
|3 (RuTPU)RU\TPU\subj\11738
|9 38645
|
| 610 |
1 |
|
|a развитие
|
| 610 |
1 |
|
|a моделирование
|
| 610 |
1 |
|
|a геосфера
|
| 610 |
1 |
|
|a минералообразование
|
| 610 |
1 |
|
|a эволюция
|
| 610 |
1 |
|
|a биологические процессы
|
| 610 |
1 |
|
|a биосфера
|
| 610 |
1 |
|
|a открытые системы
|
| 675 |
|
|
|a 551.1
|z rus
|
| 700 |
|
1 |
|a Голубев
|b В. С.
|g Владимир Степанович
|4 070
|
| 702 |
|
1 |
|a Яншин
|b А. Л.
|4 340
|
| 712 |
0 |
2 |
|a Академия наук СССР (АН СССР)
|b Институт литосферы (ИЛ)
|c (Москва)
|c (1979-1991)
|2 stltpush
|3 (RuTPU)RU\TPU\col\14625
|
| 801 |
|
0 |
|a RU
|b RuMRKP
|c 19950417
|g psbo
|
| 801 |
|
1 |
|a RU
|b 63413507
|c 20130808
|
| 801 |
|
2 |
|a RU
|b 63413507
|c 20131114
|g RCR
|
| 942 |
|
|
|c BK
|